00273nam a2200121Ia 4500008004100000100001700041245002000058260003000078300000800108650001300116942000700129999001500136190216s9999||||xx |||||||||||||| ||und|| aKotreshwar G 0aRisk Management bHimalaya Publishing House a397 aCommerce cBK c6899d6899